| 000 | 01345cam a22002054a 4500 | ||
|---|---|---|---|
| 005 | 20250605164204.0 | ||
| 008 | 250528s ||||||||||||||||||||||||d | ||
| 035 | _a19852 | ||
| 020 | _a415228174 | ||
| 040 |
_aGR-AtMCL _bgre _dGR-AtMCL _eAACR2 |
||
| 245 | 1 | _aHow to get an MBA | |
| 250 | _a1st | ||
| 260 |
_bRoutledge - Taylor & Francis Group, _c2000 |
||
| 300 | _a194 | ||
| 520 | _aA short study guide for prospective MBA students wanting to know more about what is involved, for students in a new intake at a business school and for those seeking to prepare themselves for the experience to come. Acknowledgements, Introduction, Learning How to Learn, Doing the Groundwork: Getting Started on the MBA, Courses: The First Channel of Knowledge Acquisition, Case Studies: Exercises in Management Skills, Working in Teams: Creating Value from Synergy, Written Communication: Who Writes and Wins, Working in the Classroom: Managing Presentations and Discussions, Research: Generating and Creating Knowledge, Projects: Working in the Real World, Networking: Creating Value Out of Harmony, Exchange Programs, Getting a Job: Recruitment During and After the Program, The MBA and Lifelong Learning, Conclusion: Broad Vision and Sharp Focus, Index. | ||
| 700 | 1 |
_aWitzel Morgen _96017 |
|
| 942 | _cBK | ||
| 999 |
_c5098 _d5098 |
||